000 00979nam a2200289 c 4500
003 BLK
005 20180422115348.0
008 180411b bul|||||r ||||||| ||bul||
010 _aKNG00193584000
040 _aBLK
041 _aBUL
_cBUL
080 _aБългарска литература
_b821.163.2
_x-32
_z821.163.2-32
100 1 _aЕвтимов, Евтим Михалушев
_eпърви автор
_9365147
139 _aЕвтимов, Евтим Михалушев
_bЕ 22
245 1 0 _aЗастава, в оръжие!
_bЗаписки от границата
_cЕвтим Михалушев Евтимов.
257 _aBGR
260 София
_bОФ
_c1977
300 _a108 с.
_c17 см
380 _aX
490 1 _aПисател и общество
500 _a8 200 тир.
852 _aЦб І 15775
856 4 _qpdf
_u
856 4 _qpdf
_u
942 _cKNG
_n0
944 _aCR
_c18.10.2016
_kНора_Радева
944 _aED
_c18.10.2016
_kНора_Радева
999 _c184618
_d184618